<Das> Jagdgebrauchs-hundwesen 110 Jahre Jagdgebrauchs-hundverband e.V. (JGHV)

Salvato in:
Dettagli Bibliografici
Autore principale: Uhde, Heinrich
Natura: Libro
Lingua:tedesco
Pubblicazione: Melsungen Neumann-Neudamm 2009
Edizione:2. aktualisierte Auflage
Soggetti:
Tags: Aggiungi Tag
Nessun Tag, puoi essere il primo ad aggiungerne!!

MARC

LEADER 00000nam a2200000 4500
001 0267828
005 20240315123157.1
020 |a 978-3-7888-1261-4 
041 0 |a ger 
044 |a DE 
245 1 0 |a <Das> Jagdgebrauchs-hundwesen  |b 110 Jahre Jagdgebrauchs-hundverband e.V. (JGHV)  |c Heinrich Uhde 
250 |a 2. aktualisierte Auflage 
264 1 |a Melsungen  |b Neumann-Neudamm  |c 2009 
610 2 0 |a poľovníctvo 
610 2 0 |a chov zvierat 
610 2 0 |a výcvik 
610 2 0 |a previerky 
610 2 0 |a Nemecko 
100 1 |a Uhde, Heinrich